000
00237nam a2200097Ia 4500
001
658635
005
20250826154639.0
008
250824s9999 xx 000 0 und d
245
0
_a
BİN MUHTEŞEM GÜNEL
_c
KHALED HOSSEINI
260
_b
EVEREST
999
_c
658635
_d
658635